000 00285nam a22001337a 4500
008 180928b xxu||||| |||| 00| 0 eng d
020 _a9780137167142
041 _aeng
080 _a713
100 _a45
101 _aART
245 _aClasical Myth
_cPowell,b
942 _2udc
_cBK
999 _c48692
_d48692